banner-ar

اعمال تانكرد ملك صقلية فى الحملة على بيت المقدس / (Record no. 65738)

MARC details
000 -الفاتح
حقل البيانات ثابتة الطول 01268nam a22002777a 4500
005 - وقت وتاريخ اخر تعامل مع التسجيلة
رقم الضبط 20240530110840.0
008 - عناصر البيانات ثابتة الطول - معلومات عامة
حقل البيانات ثابتة الطول 200912s2019 ua a g b 000 0dara d
017 ## - رقم الايداع القانونى
رقم الايداع القانونى 2019/8150
المصدر ( الهيئة المختصة) مصر. دار الكتب
020 ## - الرقم الدولى المعيارى للكتب
الرقم الدولى المعيارى للكتاب 9789773224127
040 ## - مصدر الفهرسة
وكالة الفهرسة الأصلية EG-CaGPL
وكالة النسخ EG-CaGPL
082 04 - رقم تصنيف ديوى العشرى
رقم الطبعة 21
رقم التصنيف 940.18
رقم المادة ك أ
100 1# - المدخل الرئيسى - إسم شخصى
الإسم الشخصى كان ، رادولف دى
245 00 - بيان العنوان
العنوان اعمال تانكرد ملك صقلية فى الحملة على بيت المقدس /
بيان المسئوليه,etc تاليف رادولف دى كان ؛ ترجمة وتعليق حسن عبدالوهاب حسين سليم ، طلعت عبدالرازق زهران
250 ## - بيان الطبعة
بيان الطبعة ط.1
260 ## - PUBLICATION, DISTRIBUTION, ETC. (IMPRINT)
تاريخ النشر أو التوزيع 2020
300 ## - الوصف المادى
التعداد 298 ص. ؛
أبعاد الوعاء 24 سم.
650 07 - المدخل الاضافى بالموضوع-مصطلح موضوعى
مصدر الرأس أو المصطلح qrmak
مصطلح موضوعي الحروب الصليبية
650 07 - المدخل الاضافى بالموضوع-مصطلح موضوعى
مصطلح موضوعي الحروب الصليبية
التقسيم الفرعي الجغرافي فلسطين
650 07 - المدخل الاضافى بالموضوع-مصطلح موضوعى
مصطلح موضوعي الحروب الصليبية
التقسيم الفرعي الجغرافي الشام
651 ## - المدخل الاضافى بالموضوع - اسم جغرافى
مصدر الرأس أو المصطلح qrmak
700 0# - المدخل الاضافى - اسم شخصى
الإسم الشخصى اسماعيل مظهر
الدور مترجم
700 0# - المدخل الاضافى - اسم شخصى
الإسم الشخصى حسن عبدالوهاب حسين سليم
الدور مترجم ومعلق
700 0# - المدخل الاضافى - اسم شخصى
الإسم الشخصى طلعت عبدالرازق زهران
الدور مترجم ومعلق
942 ## - عناصر المدخل الإضافي( كوها)
مصدر التصنيف او مخطط الترفيف Dewey Decimal Classification
Koha [default] item type كتاب
260 ## - PUBLICATION, DISTRIBUTION, ETC. (IMPRINT)
-- القاهرة :
-- عين للدراسات و البحوث الانسانية و الاجتماعية،
Holdings
حالة التراجع حالة الفقد حالة تلف ليس للاعارة المكان المؤقت الموقع الحالى موقع الترفيف تاريخ الاكتساب اجمالي اﻻعارات رقم الطلب الباركود تاريخ اخر مشاهدة تاريخ تفعيل السعر نوع وعاء كوها
        مكتبة القاهرة الكبرى مكتبة القاهرة الكبرى القاعة الرئيسية 09/12/2020   940.18\ك أ 166859 09/12/2020 09/12/2020 كتاب

Powered By

EGPV